MDQL
is popping MORE tags! Check the
thread
!
Quizzes
Events
Quiz Creation
Community
Videos
Private Events
Remove Ads
Sign In
Join for FREE
Feedback
Dark Mode
Quiz Categories
Sports
Geography
Music
Movies
Television
Just For Fun
Miscellaneous
History
Literature
Language
Science
Gaming
Entertainment
Religion
Holiday
For Kids
Quiz Lab
Recent
Popular Today
Quiz Kudos Today
Editor Picks
Curator Picks
Quizzes by...
Day
Popularity
Type
Ratings
Length
Year
Community
Subscriptions
Recent Discussions
Orange Saloon
Badges
Playlists
Quests
Create
Leaderboards
Showdown
Live 5
Trivia Bingo
Activity
Puzzle Library
Sporcle Events
Private Events
Virtual Trivia
Globe League
Become a Host
Pub Owners
SporcleCon
Opinionation
Our Games
Videos
Blog
Mobile Apps
Partnerships
Remove Ads and Go Orange
Feedback
Literature
Harry Potter
A Song of Ice and Fire
The Hunger Games
Literary Character
Shakespeare
Book
Author
Novel
Poem
Young Adult
Children's Books
Play
Lord of the Rings
Literature
Harry Potter
A Song of Ice and Fire
The Hunger Games
Literary Character
Shakespeare
Book
Author
Novel
Poem
Young Adult
Children's Books
Play
Lord of the Rings
Random Quiz
Search Sporcle
×
Quiz Lab
Quiz Lab
Literature
Children's Books
Type in answers that appear in a list
Type in answers that appear in a list
Classic
Best Score? Go Orange.
Pickle-Chiffon Pie Characters Stats
Can you name the Characters in the Jolly Roger Bradfield book: Pickle-Chiffon Pie?
By
TDanielR
3m
16 Questions
22 Plays
22 Plays
22 Plays
Comments
Comments
Give Quiz Kudos
Give Quiz Kudos
-
- Ratings
hide this ad
Replay
Link that replays current quiz
Next Quiz
Link to next quiz in quiz playlist
You Got
0%
They Got
Avg Score
42%
Avg Friend Score
Upgrade to see
Score Distribution
Jump to the score distribution portion of the page
Score
0/16
Timer
03:00
0
Plays Today
Character
% Correct
King
77.3%
Princess
72.7%
Bernard
72.7%
Queen
59.1%
Musselbaum
54.5%
Wellred
45.5%
Three-Nosed Pie-Baking Snozzle
45.5%
Witch
40.9%
Character
% Correct
Green-Bearded Piano-Playing Giant
40.9%
Juggling Lion
36.4%
Sixteen-Footed Gazoo
31.8%
Painting Mice
27.3%
Green and Blue Three-Headed Dragon
22.7%
Ugly Ogre
22.7%
Four-Wheeled Dimdoozle
18.2%
Snozzle Children
9.1%
Quiz Playlist
Details
Report
Send in Message
Add To Playlist
Classic:
Type in answers that appear in a list
Last Updated: Feb 16, 2017
Quiz Scoreboard
CHALLENGE
Sign Up to Join the Scoreboard
Show All
Scores
Hide
Comments
May contain spoilers
Recently Published
Two Season TV Shows II
by 123Four
Television
10m
Image Sorting: Flags VI
by Barbecue
Geography
2m
Find the 'City' Movie
by crazypaving
Movies
60s
More to Explore
Quiz From the Vault
Featured Blog Post
14 Easter Pick-up Lines to Find Eggs With
hide this ad
You Might Also Like...
Tags
Book Quiz
Children's Books Quiz
Children Stories
Fairy Tale
pickle
prince
Story
Today's Top Quizzes in Literature
Browse Literature
hide this ad
Today's Top Quizzes in Children's Books
Browse Children's Books
Top Contributed Quizzes in Literature
1
Sneaky Slytherin Logic Puzzle
2
Harry Potter logic puzzle: The Hogwarts Soap Opera
3
Get The Picture: Black or White Literature
4
'Middle' Earth
5
Harry Potter Slytherin Logic Puzzle
6
ASOIAF Siblings Logic Puzzle
7
Logic Puzzle: Avoid Dumbledore's Army
8
The Men of ASOIAF - Logic Puzzle (Hard)
9
A Song of Ice and Fire Logic Puzzle
10
Quick Pick: Easter in Book Titles
Explore More
Trending Topics
Harry Potter
Kpop
Crossword
Marvel
NBA
Anime
Disney
Song
NFL
Country
Puzzle
Pokémon
Soccer
WWE
The Office
hide this ad
More By:
TDanielR
Quiz
Plays
Rating
Category
Featured
Created
Jetsons Characters
367
4.00
Television
May 12, 2010
Pickle-Chiffon Pie Characters
22
Literature
Feb 3, 2011
Go to Creator's Profile
Score Distribution
Quiz Creator Spotlight
TDanielR
Follow
Send a Message
Quizzes Created
-
Created Quiz Play Count
-
More By This Creator
Popular Quizzes Today
1
Find the US States - No Outlines Minefield
2
Colored Red Africa Blitz
3
Find the 'City' Movie
4
5x2 Blitz: Bands
5
The Countries of the World
6
Find the Countries of Europe - No Outlines Minefield
7
Find the US States
8
US States
More Literature Quizzes
Crossword: Harry Potter Quotes I
Quiz Lab
Trending Quizzes
Colored Red Europe Blitz I
Colored Red Africa Blitz II
Colored Red Europe Blitz II
Colored Red Africa Blitz III
Colored Red Europe Blitz III
Recently Updated
How Do You Spell That?
pecheneg
Godzilla Movies
pecheneg
Grab Bag: 4-10 Letters
pecheneg
2024 March Madness Bracket
pecheneg
Famous TV Couples
Peacemaker
Champions League XIs: Real Madrid
pecheneg
Largest US Cities 1790-2010
pecheneg
Rides in Walt Disney World
pecheneg
Most Oscar Losses (Acting)
pecheneg
Beyoncé Albums
pecheneg
Trending Topics
Disney
Crossword
Anime
Harry Potter
NBA
Marvel
Kpop
NFL
Pokémon
The Office
Soccer
Song
Puzzle
Country
WWE
Your Account Isn't Verified!
In order to create a playlist on Sporcle, you need to verify the email address you used during registration. Go to your
Sporcle Settings
to finish the process.
Report this User
Report this user for behavior that violates our
Community Guidelines
.
Details:
Send Report
Go to the Sporcle.com Mobile Site →
Comments